00257nam a2200073 4500100003000000245011700030260002900147300000700176 aS.Jayasekara,Vishaka de U aThe Effect of Culture on the Production of Secondary Mtabolites bye the Endolichenic Fungus, Curvularia trifolii aRajagiriyabIchemcc2018 a51